000 00489nam a2200169 a 4500
005 20140412111349.0
008 050519s19uu xx 00 eng d
020 _a971-508-144-4
050 _aFil 398.2
_bT22 2002
100 _aTejido, Jose Miguel
245 _aSi Dindo pundido /
_cstory by Jose Miguel Tejido.
260 _aManila, Philippines :
_bAdarna House,
_c2002.
300 _a1 v. (unp.) ; ill.
440 _aAdarna Karanasan
650 _aChildren stories
999 _c105273
_d105273